[Event "18th CRO-chT(b)"]
[Site "Sibenik CRO"]
[Date "2009.09.26"]
[Round "6.26"]
[White "Biliskov, Vjekoslav"]
[Black "Zezelj, Vladislav"]
[Result "1-0"]
[WhiteElo "2281"]
[BlackElo "2094"]
[PlyCount "111"]
[EventDate "2009.09.21"]
[EventType "team"]
[EventRounds "9"]
[EventCountry "CRO"]

1. d4 Nf6 2. c4 g6 3. Nc3 Bg7 4. e4 d6 5. h3 O-O 6. Bg5 c6 7. Nf3 Nbd7 8. Be2
e5 9. d5 c5 10. Nd2 h6 11. Be3 a6 12. a4 Rb8 13. g4 Nh7 14. h4 f6 15. Nf1 Rf7
16. Ng3 Ndf8 17. Qd2 g5 18. Nf5 Ng6 19. hxg5 hxg5 20. a5 Nf4 21. Bxf4 exf4 22.
Na4 Nf8 23. Nb6 Ng6 24. Nxc8 Rxc8 25. Qc3 Rcc7 26. Qh3 Bf8 27. Qh5 Nh4 28. Nxh4
Rh7 29. Qg6+ Rcg7 30. Qf5 gxh4 31. Kf1 Rg5 32. Qxf4 Re5 33. Bd3 Rh6 34. Qd2 Bg7
35. f4 Re8 36. Kg2 Kf7 37. Rae1 Ke7 38. e5 dxe5 39. fxe5 h3+ 40. Rxh3 Rxh3 41.
Kxh3 Kd7 42. Bf5+ Kc7 43. d6+ Kb8 44. e6 Rh8+ 45. Kg2 Bh6 46. Qd5 Qxa5 47. Re2
Bf4 48. e7 Rh2+ 49. Kf3 Rxe2 50. Kxe2 Qb4 51. e8=Q+ Ka7 52. Qee4 Bg3 53. Kf3
Be5 54. Bc8 Qb3+ 55. Qdd3 Qxb2 56. Qxb7+ 1-0

[Event "18th CRO-chT(b)"]
[Site "Sibenik CRO"]
[Date "2009.09.26"]
[Round "6.32"]
[White "Filipovic, Branko"]
[Black "Bosiocic, Marin"]
[Result "1/2-1/2"]
[WhiteElo "2444"]
[BlackElo "2571"]
[PlyCount "34"]
[EventDate "2009.09.21"]
[EventType "team"]
[EventRounds "9"]
[EventCountry "CRO"]

1. b3 e5 2. Bb2 Nc6 3. e3 Nf6 4. Bb5 Bd6 5. Na3 Na5 6. Be2 a6 7. Nf3 Qe7 8. Nb1
O-O 9. d4 exd4 10. Qxd4 Nc6 11. Qh4 Bb4+ 12. Nbd2 Ne4 13. Qxe7 Nxe7 14. a3 Bc3
15. Bxc3 Nxc3 16. Bd3 d5 17. Nb1 Nxb1 1/2-1/2

[Event "18th CRO-chT(b)"]
[Site "Sibenik CRO"]
[Date "2009.09.26"]
[Round "6.33"]
[White "Miladinovic, Igor"]
[Black "Viskic, Pavisa"]
[Result "1-0"]
[WhiteElo "2547"]
[BlackElo "2220"]
[PlyCount "57"]
[EventDate "2009.09.21"]
[EventType "team"]
[EventRounds "9"]
[EventCountry "CRO"]

1. d4 d6 2. e4 Nf6 3. Nc3 e5 4. dxe5 dxe5 5. Qxd8+ Kxd8 6. Bg5 Bd6 7. O-O-O a6
8. f4 Nbd7 9. fxe5 Bxe5 10. Nd5 Ke8 11. Nf3 Nxd5 12. exd5 Bd6 13. Bd3 f6 14.
Rde1+ Kf7 15. Be3 Ne5 16. Nxe5+ Bxe5 17. g3 Bh3 18. c4 h5 19. Bf4 Rae8 20. Bxe5
Rxe5 21. Rxe5 fxe5 22. Re1 Kf6 23. Kd2 h4 24. Ke3 hxg3 25. hxg3 Kg5 26. Rh1 Rh6
27. c5 a5 28. Be4 b6 29. d6 1-0

[Event "18th CRO-chT(b)"]
[Site "Sibenik CRO"]
[Date "2009.09.26"]
[Round "6.34"]
[White "Grgurevic, Boris"]
[Black "Mufic, Goran"]
[Result "1/2-1/2"]
[WhiteElo "2228"]
[BlackElo "2324"]
[PlyCount "20"]
[EventDate "2009.09.21"]
[EventType "team"]
[EventRounds "9"]
[EventCountry "CRO"]

1. e4 e6 2. d4 d5 3. Nd2 dxe4 4. Nxe4 Nd7 5. Nf3 Ngf6 6. Nxf6+ Nxf6 7. Bd3 b6
8. Bg5 Bb7 9. Qe2 Be7 10. O-O-O Nd5 1/2-1/2

[Event "18th CRO-chT(b)"]
[Site "Sibenik CRO"]
[Date "2009.09.26"]
[Round "6.36"]
[White "Malenica, Mario"]
[Black "Ramesa, Marin"]
[Result "1-0"]
[WhiteElo "2223"]
[BlackElo "2229"]
[PlyCount "91"]
[EventDate "2009.09.21"]
[EventType "team"]
[EventRounds "9"]
[EventCountry "CRO"]

1. d4 Nf6 2. c4 e6 3. Nf3 b6 4. Bg5 Bb7 5. e3 h6 6. Bh4 c5 7. Nc3 cxd4 8. exd4
Be7 9. Bd3 O-O 10. O-O d5 11. Qe2 dxc4 12. Bxc4 Nc6 13. Rad1 Nb4 14. Ne5 Nbd5
15. Bg3 Rc8 16. Rc1 Bb4 17. Nb5 Ra8 18. f3 a6 19. Nc3 b5 20. Bb3 Rc8 21. Ne4
Qb6 22. Nc5 Rxc5 23. dxc5 Bxc5+ 24. Kh1 Rd8 25. Nd3 Be3 26. Bf2 a5 27. Bxe3
Nxe3 28. Rfe1 Nf5 29. Nc5 Bd5 30. Red1 a4 31. Bxd5 Nxd5 32. Ne4 Nfe3 33. Rd3
Rb8 34. Nc3 Nxc3 35. Rdxc3 Nd5 36. Rc6 Qd4 37. Qe4 Qxe4 38. fxe4 Ne7 39. Rc7
Kf8 40. Ra7 Ng6 41. Rcc7 Ne5 42. h3 g5 43. Rab7 Ra8 44. Rxb5 f6 45. Rbb7 g4 46.
hxg4 1-0

[Event "18th CRO-chT(b)"]
[Site "Sibenik CRO"]
[Date "2009.09.26"]
[Round "6.45"]
[White "Jukic, Zdenko"]
[Black "Juranic, Bruno"]
[Result "1-0"]
[WhiteElo "2279"]
[BlackElo "2249"]
[PlyCount "63"]
[EventDate "2009.09.21"]
[EventType "team"]
[EventRounds "9"]
[EventCountry "CRO"]

1. e4 c5 2. c3 d5 3. exd5 Qxd5 4. d4 g6 5. Be3 cxd4 6. Qxd4 Qxd4 7. Bxd4 Nf6 8.
Na3 a6 9. Nc4 Nbd7 10. g3 Bg7 11. Bg2 O-O 12. h3 e5 13. Be3 Rb8 14. O-O-O b6
15. Nf3 Ne8 16. Ne1 a5 17. Rg1 a4 18. Nc2 Ba6 19. N2a3 b5 20. Rxd7 bxc4 21. Ra7
Bc8 22. Nxc4 Be6 23. Rxa4 Nc7 24. Rd1 Rfc8 25. Nd6 Rf8 26. Ba7 Rbd8 27. Bb6
Bh6+ 28. Kc2 Rd7 29. Bc6 Re7 30. Ra7 Nd5 31. Bxd5 Rxa7 32. Bxa7 1-0

[Event "18th CRO-chT(b)"]
[Site "Sibenik CRO"]
[Date "2009.09.26"]
[Round "6.51"]
[White "Erdos, Viktor"]
[Black "Stevic, Hrvoje"]
[Result "1-0"]
[WhiteElo "2591"]
[BlackElo "2624"]
[PlyCount "77"]
[EventDate "2009.09.21"]
[EventType "team"]
[EventRounds "9"]
[EventCountry "CRO"]

1. d4 d5 2. c4 dxc4 3. Nf3 Nf6 4. e3 Bg4 5. Bxc4 e6 6. h3 Bh5 7. Nc3 a6 8. g4
Bg6 9. Ne5 Nbd7 10. Nxg6 hxg6 11. Bf1 c6 12. Bg2 Bd6 13. f4 g5 14. fxg5 Bg3+
15. Ke2 Nd5 16. e4 Nf4+ 17. Kf3 Nxg2 18. Kxg2 Bh4 19. e5 Bxg5 20. Bxg5 Qxg5 21.
Ne4 Qe3 22. Nd6+ Ke7 23. Rc1 c5 24. dxc5 Qxe5 25. Re1 Qxb2+ 26. Rc2 Qa3 27.
Nf5+ Kd8 28. Re3 Qa4 29. c6 bxc6 30. Nd6 Ke7 31. Nxf7 Qf4 32. Rf3 Qc7 33. Nxh8
Rxh8 34. Qd4 e5 35. Qc4 Qd6 36. Qxc6 Qd1 37. Rcf2 Rh6 38. Rf7+ Ke8 39. Rxd7 1-0

[Event "18th CRO-chT(b)"]
[Site "Sibenik CRO"]
[Date "2009.09.26"]
[Round "6.52"]
[White "Pinter, Jozsef"]
[Black "Gonda, Laszlo"]
[Result "1/2-1/2"]
[WhiteElo "2569"]
[BlackElo "2486"]
[PlyCount "20"]
[EventDate "2009.09.21"]
[EventType "team"]
[EventRounds "9"]
[EventCountry "CRO"]

1. Nf3 c5 2. c4 Nf6 3. Nc3 Nc6 4. e3 e6 5. d4 d5 6. a3 a6 7. dxc5 Bxc5 8. b4
Ba7 9. Bb2 O-O 10. Be2 dxc4 1/2-1/2

[Event "18th CRO-chT(b)"]
[Site "Sibenik CRO"]
[Date "2009.09.26"]
[Round "6.53"]
[White "Komljenovic, Davorin"]
[Black "Kovacevic, Aleksandar"]
[Result "1/2-1/2"]
[WhiteElo "2433"]
[BlackElo "2562"]
[PlyCount "23"]
[EventDate "2009.09.21"]
[EventType "team"]
[EventRounds "9"]
[EventCountry "CRO"]

1. d4 Nf6 2. c4 e6 3. Nc3 Bb4 4. Qc2 c5 5. dxc5 O-O 6. a3 Bxc5 7. Nf3 b6 8. Bg5
Bb7 9. e3 Be7 10. Be2 d6 11. O-O Nbd7 12. Rfd1 1/2-1/2

[Event "18th CRO-chT(b)"]
[Site "Sibenik CRO"]
[Date "2009.09.26"]
[Round "6.54"]
[White "Njirjak, Josip"]
[Black "Orak, Ljubomir"]
[Result "1-0"]
[WhiteElo "2381"]
[BlackElo "2341"]
[PlyCount "81"]
[EventDate "2009.09.21"]
[EventType "team"]
[EventRounds "9"]
[EventCountry "CRO"]

1. e4 e5 2. Nf3 Nc6 3. Bb5 a6 4. Ba4 Nf6 5. Qe2 b5 6. Bb3 Be7 7. O-O O-O 8. c3
d6 9. h3 Na5 10. Bc2 c5 11. d4 Qc7 12. d5 Nc4 13. Rd1 Bd7 14. b3 Nb6 15. Nbd2
g6 16. Nf1 Nh5 17. Bh6 Ng7 18. Ne3 c4 19. bxc4 Nxc4 20. Nxc4 bxc4 21. Rab1 f5
22. Nxe5 dxe5 23. d6 Bxd6 24. Qd2 Rf7 25. Qxd6 Qxd6 26. Rxd6 Ne8 27. Rdb6 f4
28. R1b4 Rc8 29. Rxa6 Rf6 30. Ra5 Nd6 31. Rxe5 Nf7 32. Re7 Bxh3 33. e5 Re6 34.
Rxf7 Kxf7 35. gxh3 Rxe5 36. Bxf4 Re7 37. Be3 Ra8 38. a4 Ke6 39. Rxc4 Rd7 40.
Bd4 Kd6 41. Bb6 1-0

[Event "18th CRO-chT(b)"]
[Site "Sibenik CRO"]
[Date "2009.09.26"]
[Round "6.55"]
[White "Novak, Ratko"]
[Black "Krstic, Uros"]
[Result "0-1"]
[WhiteElo "2199"]
[BlackElo "2372"]
[PlyCount "68"]
[EventDate "2009.09.21"]
[EventType "team"]
[EventRounds "9"]
[EventCountry "CRO"]

1. d4 d6 2. c4 e5 3. dxe5 dxe5 4. Qxd8+ Kxd8 5. Nc3 Be6 6. e4 Nd7 7. Bd2 c6 8.
O-O-O f6 9. g3 Nh6 10. Bxh6 gxh6 11. Bh3 Bxh3 12. Nxh3 Bc5 13. Rhf1 Ke7 14. Kc2
Nf8 15. f3 Ne6 16. Ne2 a6 17. a3 b5 18. b4 Nd4+ 19. Nxd4 Bxd4 20. Kb3 bxc4+ 21.
Kxc4 a5 22. Nf2 axb4 23. axb4 Ra2 24. Ng4 Rb8 25. Rb1 Rc2+ 26. Kd3 Rc3+ 27. Ke2
Ra8 28. Rb2 Raa3 29. Rfb1 Rxf3 30. Rd2 h5 31. Nh6 Rae3+ 32. Kd1 Rf1+ 33. Kc2
Rc3+ 34. Kb2 Rcc1+ 0-1

[Event "18th CRO-chT(b)"]
[Site "Sibenik CRO"]
[Date "2009.09.26"]
[Round "6.56"]
[White "Vargic, Drago"]
[Black "Vujec, Ivan"]
[Result "1-0"]
[WhiteElo "2384"]
[BlackElo "1977"]
[PlyCount "107"]
[EventDate "2009.09.21"]
[EventType "team"]
[EventRounds "9"]
[EventCountry "CRO"]

1. e4 c6 2. d4 d5 3. e5 c5 4. dxc5 Nc6 5. Bb5 e6 6. Be3 Bd7 7. Bxc6 Bxc6 8. Nf3
Ne7 9. O-O Nf5 10. Bd4 Nxd4 11. Qxd4 Bb5 12. Re1 Rc8 13. b4 a5 14. a3 b6 15.
cxb6 Rc4 16. Qd2 Qxb6 17. c3 Bd7 18. Qd3 Rc7 19. Nd4 Be7 20. Nd2 O-O 21. N2b3
a4 22. Nd2 f6 23. N2f3 f5 24. Rac1 Rfc8 25. Qe3 Be8 26. Nxf5 Qxe3 27. Nxe7+
Rxe7 28. Rxe3 Rec7 29. Nd4 Rc4 30. Ne2 Bh5 31. f3 Bg6 32. Rd1 Bc2 33. Rd4 R4c6
34. Kf2 Bb3 35. Rd2 Rc4 36. Ke1 g5 37. Rd4 R4c7 38. Kd2 Bc4 39. Ng3 Kf7 40. Nh5
Kg6 41. Nf6 Bb5 42. f4 h6 43. fxg5 hxg5 44. h4 Rg7 45. Rg4 Kf5 46. h5 Rf7 47.
Rd4 g4 48. Nxg4 Rg7 49. Rf3+ Kg5 50. h6 Rgc7 51. Nf6 Rc4 52. h7 Rh8 53. Rxc4
Bxc4 54. Rg3+ 1-0

[Event "18th CRO-chT(b)"]
[Site "Sibenik CRO"]
[Date "2009.09.27"]
[Round "7.11"]
[White "Stevic, Hrvoje"]
[Black "Sedlak, Nikola"]
[Result "1/2-1/2"]
[WhiteElo "2624"]
[BlackElo "2571"]
[PlyCount "22"]
[EventDate "2009.09.21"]
[EventType "team"]
[EventRounds "9"]
[EventCountry "CRO"]

1. Nf3 Nc6 2. e4 e5 3. Bb5 Bb4 4. O-O Nge7 5. a3 Ba5 6. b4 Bb6 7. Bb2 d6 8. d4
exd4 9. Nxd4 O-O 10. Nxc6 bxc6 11. Bd3 Ng6 1/2-1/2

[Event "18th CRO-chT(b)"]
[Site "Sibenik CRO"]
[Date "2009.09.27"]
[Round "7.23"]
[White "Varga, Zoltan"]
[Black "Komljenovic, Davorin"]
[Result "1-0"]
[WhiteElo "2481"]
[BlackElo "2433"]
[PlyCount "69"]
[EventDate "2009.09.21"]
[EventType "team"]
[EventRounds "9"]
[EventCountry "CRO"]

1. e4 c5 2. Nf3 d6 3. d4 cxd4 4. Nxd4 Nf6 5. f3 e6 6. Nc3 h5 7. Bg5 a6 8. Qd2
Nbd7 9. Bc4 Ne5 10. Bb3 Qc7 11. O-O-O b5 12. Rhe1 Nc4 13. Bxc4 Qxc4 14. Nb3 Be7
15. Bf4 e5 16. Bg5 Be6 17. Bxf6 Bxf6 18. Nd5 Bxd5 19. Qxd5 Rc8 20. c3 Qxd5 21.
Rxd5 Kd7 22. Red1 Ke6 23. f4 exf4 24. R1d2 b4 25. Kc2 bxc3 26. bxc3 Rc4 27. Kd3
Rcc8 28. Rf2 Rcg8 29. Ra5 h4 30. Rxa6 Ra8 31. Nd4+ Kd7 32. Rxa8 Rxa8 33. Rb2
Bd8 34. Nf5 h3 35. gxh3 1-0

[Event "18th CRO-chT(b)"]
[Site "Sibenik CRO"]
[Date "2009.09.27"]
[Round "7.25"]
[White "Juranic, Bruno"]
[Black "Novak, Ratko"]
[Result "1-0"]
[WhiteElo "2249"]
[BlackElo "2199"]
[PlyCount "49"]
[EventDate "2009.09.21"]
[EventType "team"]
[EventRounds "9"]
[EventCountry "CRO"]

1. e4 d5 2. exd5 Qxd5 3. Nc3 Qa5 4. d4 c6 5. Nf3 Bg4 6. h3 Bh5 7. g4 Bg6 8. Ne5
Nf6 9. Bc4 e6 10. Qe2 Ne4 11. Nxf7 Kxf7 12. Bd2 Bb4 13. Nxe4 Bxe4 14. Bxb4
Qxb4+ 15. c3 Qxc4 16. Qxc4 Bxh1 17. f3 Bg2 18. Kf2 Bxh3 19. d5 Re8 20. dxe6+
Kg8 21. e7+ Kh8 22. Rd1 Na6 23. Qf7 b5 24. Kg3 Nc7 25. Rd8 1-0

[Event "18th CRO-chT(b)"]
[Site "Sibenik CRO"]
[Date "2009.09.27"]
[Round "7.31"]
[White "Dizdarevic, Emir"]
[Black "Shchekachev, Andrei"]
[Result "1/2-1/2"]
[WhiteElo "2483"]
[BlackElo "2539"]
[PlyCount "21"]
[EventDate "2009.09.21"]
[EventType "team"]
[EventRounds "9"]
[EventCountry "CRO"]

1. Nf3 Nf6 2. d4 e6 3. g3 d5 4. Bg2 Be7 5. O-O O-O 6. c4 dxc4 7. Ne5 Nc6 8.
Bxc6 bxc6 9. Nxc6 Qe8 10. Nxe7+ Qxe7 11. Qa4 1/2-1/2

[Event "18th CRO-chT(b)"]
[Site "Sibenik CRO"]
[Date "2009.09.27"]
[Round "7.32"]
[White "Mrdja, Milan"]
[Black "Filipovic, Branko"]
[Result "1/2-1/2"]
[WhiteElo "2393"]
[BlackElo "2444"]
[PlyCount "26"]
[EventDate "2009.09.21"]
[EventType "team"]
[EventRounds "9"]
[EventCountry "CRO"]

1. e4 c5 2. Nf3 a6 3. c4 e6 4. Nc3 b6 5. d4 cxd4 6. Nxd4 Bb7 7. Bd3 Ne7 8. Be3
Nbc6 9. Nf3 Ng6 10. O-O Bc5 11. Qe2 O-O 12. Na4 d6 13. a3 e5 1/2-1/2

[Event "18th CRO-chT(b)"]
[Site "Sibenik CRO"]
[Date "2009.09.27"]
[Round "7.33"]
[White "Viskic, Pavisa"]
[Black "Samovojska, Damir"]
[Result "1/2-1/2"]
[WhiteElo "2220"]
[BlackElo "2307"]
[PlyCount "20"]
[EventDate "2009.09.21"]
[EventType "team"]
[EventRounds "9"]
[EventCountry "CRO"]

1. e4 e6 2. d3 d5 3. Nd2 c5 4. Ngf3 Nc6 5. g3 Nf6 6. Bg2 Be7 7. O-O dxe4 8.
dxe4 O-O 9. c3 b6 10. Qc2 Ba6 1/2-1/2

[Event "18th CRO-chT(b)"]
[Site "Sibenik CRO"]
[Date "2009.09.27"]
[Round "7.41"]
[White "Sax, Gyula"]
[Black "Kosic, Dragan"]
[Result "1/2-1/2"]
[WhiteElo "2524"]
[BlackElo "2495"]
[PlyCount "25"]
[EventDate "2009.09.21"]
[EventType "team"]
[EventRounds "9"]
[EventCountry "CRO"]

1. e4 e6 2. d4 d5 3. Nc3 Nf6 4. e5 Nfd7 5. f4 c5 6. Nf3 Nc6 7. Ne2 b5 8. a3 b4
9. axb4 Nxb4 10. c3 Nc6 11. g3 Qb6 12. Bg2 Ba6 13. O-O 1/2-1/2

[Event "18th CRO-chT(b)"]
[Site "Sibenik CRO"]
[Date "2009.09.27"]
[Round "7.43"]
[White "Rezan, Sasa"]
[Black "Miladinovic, Igor"]
[Result "0-1"]
[WhiteElo "2431"]
[BlackElo "2547"]
[PlyCount "130"]
[EventDate "2009.09.21"]
[EventType "team"]
[EventRounds "9"]
[EventCountry "CRO"]

1. d4 d5 2. c4 Bf5 3. cxd5 Bxb1 4. Qa4+ c6 5. Rxb1 Qxd5 6. Nf3 Nd7 7. a3 Ngf6
8. Qc2 e5 9. e4 Qxe4+ 10. Qxe4 Nxe4 11. Bd3 f5 12. dxe5 O-O-O 13. O-O g6 14.
Bxe4 fxe4 15. Ng5 Nxe5 16. Nxe4 Bg7 17. f3 Nd3 18. Bg5 Bd4+ 19. Kh1 Rd5 20. Bf6
Bxf6 21. Nxf6 Re5 22. Ne4 Rd8 23. Kg1 Rb5 24. b3 Nf4 25. Rf2 Rd3 26. Rfb2 Kc7
27. Kf2 Ne6 28. Nf6 Rf5 29. Ne4 Rb5 30. Nf6 Nc5 31. b4 Nd7 32. Nxd7 Kxd7 33. a4
Re5 34. Rc1 Rd4 35. Rc3 Kc7 36. Re3 Rxe3 37. Kxe3 c5 38. bxc5 Rxa4 39. g4 Rc4
40. Ra2 a6 41. f4 Rxc5 42. Rd2 a5 43. Ke4 a4 44. f5 gxf5+ 45. gxf5 a3 46. f6
Ra5 47. f7 Ra8 48. Ra2 Rf8 49. Rxa3 Rxf7 50. Rh3 Rd7 51. Rh6 Kb8 52. Ke3 Ka7
53. Rh4 Kb6 54. Rb4+ Kc5 55. Rb1 b5 56. Rc1+ Kb6 57. Rb1 Rd8 58. Kf4 Rd2 59. h4
Rd4+ 60. Kg5 b4 61. h5 Kb5 62. h6 Rd7 63. Kh5 Rb7 64. Kh4 Kc4 65. Rg1 Rb6 0-1

[Event "18th CRO-chT(b)"]
[Site "Sibenik CRO"]
[Date "2009.09.27"]
[Round "7.44"]
[White "Mufic, Goran"]
[Black "Sinanovic, Muhamed"]
[Result "0-1"]
[WhiteElo "2324"]
[BlackElo "2386"]
[PlyCount "150"]
[EventDate "2009.09.21"]
[EventType "team"]
[EventRounds "9"]
[EventCountry "CRO"]

1. d4 d6 2. e4 Nf6 3. Nd2 e5 4. dxe5 dxe5 5. Ngf3 Bc5 6. Bc4 Qe7 7. O-O Bg4 8.
c3 Nbd7 9. b4 Bd6 10. Qc2 a5 11. Rb1 axb4 12. cxb4 O-O 13. a3 Nb6 14. Ba2 Nfd7
15. h3 Bh5 16. g4 Bg6 17. Nc4 Nxc4 18. Bxc4 h6 19. g5 Bh5 20. Rb3 Kh7 21. Kh1
Nb6 22. Rg1 Nxc4 23. gxh6 gxh6 24. Qxc4 Rg8 25. Rg3 Qf6 26. Kg2 Rg7 27. Nh2
Rag8 28. Rxg7+ Rxg7+ 29. Rg3 Qh4 30. Nf3 Qe7 31. Rxg7+ Kxg7 32. Nh2 Qh4 33. Qd3
Bg6 34. f3 h5 35. Be3 Qe1 36. Nf1 Qa1 37. Bf2 Be7 38. f4 f6 39. f5 Be8 40. Ng3
Qb2 41. Kg1 Qc1+ 42. Kg2 Kf8 43. h4 Qf4 44. Be3 Qxh4 45. Bh6+ Kg8 46. Qd5+ Kh7
47. Qe6 Kxh6 48. Qxe7 Bc6 49. Qf8+ Kg5 50. Qg7+ Kf4 51. Qh6+ Qg5 52. Qxg5+ Kxg5
53. Kf3 h4 54. Nh1 Be8 55. Nf2 Bh5+ 56. Ke3 b5 57. Nd3 h3 58. Kf2 h2 59. Kg2
Bf3+ 60. Kxh2 Bxe4 61. Nc5 Kxf5 62. Kg3 Bd5 63. Kf2 Kf4 64. a4 bxa4 65. Nxa4 e4
66. b5 e3+ 67. Ke1 Ke4 68. b6 cxb6 69. Nxb6 f5 70. Nd7 f4 71. Nf6+ Ke5 72. Ng4+
Kf5 73. Nh2 f3 74. Nf1 Kf4 75. Nh2 Be4 0-1

[Event "18th CRO-chT(b)"]
[Site "Sibenik CRO"]
[Date "2009.09.27"]
[Round "7.45"]
[White "Paljusaj, Edmond"]
[Black "Vlahov, Davor"]
[Result "1/2-1/2"]
[WhiteElo "2288"]
[BlackElo "2236"]
[PlyCount "100"]
[EventDate "2009.09.21"]
[EventType "team"]
[EventRounds "9"]
[EventCountry "CRO"]

1. e4 e6 2. d4 d5 3. Nd2 Nf6 4. e5 Nfd7 5. Bd3 c5 6. c3 Nc6 7. Ne2 Qb6 8. Nf3
cxd4 9. cxd4 f6 10. exf6 Nxf6 11. O-O Bd6 12. b3 O-O 13. Bf4 Bxf4 14. Nxf4 Bd7
15. Re1 Rae8 16. Qd2 Kh8 17. Bc2 Nxd4 18. Qxd4 Qxd4 19. Nxd4 e5 20. Nfe6 Bxe6
21. Rxe5 Bd7 22. Rae1 Ng4 23. Re7 Rxe7 24. Rxe7 Re8 25. Rxe8+ Bxe8 26. Bf5 Ne5
27. Kf1 Nc6 28. Nxc6 bxc6 29. b4 g6 30. Bg4 Kg7 31. Ke2 h5 32. Bc8 Kf6 33. f4
Ke7 34. Kd3 Kd6 35. Kd4 a5 36. bxa5 c5+ 37. Kc3 d4+ 38. Kc4 Bf7+ 39. Kd3 Bd5
40. g4 hxg4 41. a4 Bf3 42. a6 Kc7 43. Be6 Bg2 44. Bf7 Bf1+ 45. Ke4 Bxa6 46. a5
Kd6 47. Bxg6 Bb7+ 48. Kd3 Ke6 49. Kc4 Kd6 50. Kd3 Ke6 1/2-1/2

[Event "18th CRO-chT(b)"]
[Site "Sibenik CRO"]
[Date "2009.09.27"]
[Round "7.46"]
[White "Sikanjic, Bojan"]
[Black "Biliskov, Vjekoslav"]
[Result "0-1"]
[WhiteElo "2170"]
[BlackElo "2281"]
[PlyCount "96"]
[EventDate "2009.09.21"]
[EventType "team"]
[EventRounds "9"]
[EventCountry "CRO"]

1. Nf3 Nf6 2. c4 g6 3. Nc3 Bg7 4. d4 O-O 5. g3 d6 6. Bg2 Nc6 7. O-O Bf5 8. b3
e5 9. e3 e4 10. Nd2 Re8 11. a3 Qd7 12. b4 Bh3 13. Ndxe4 Nxe4 14. Bxe4 Bxf1 15.
Kxf1 Rab8 16. Bd2 a6 17. Qf3 Nd8 18. Rc1 c6 19. d5 c5 20. bxc5 dxc5 21. Rb1 f5
22. Bc2 Rf8 23. a4 b6 24. Qe2 Nf7 25. Kg1 Nd6 26. Bd3 Qf7 27. Qf3 g5 28. h3 Be5
29. Rf1 Qf6 30. Ne2 b5 31. axb5 axb5 32. cxb5 c4 33. Bc2 Rxb5 34. Ba4 Rb2 35.
Bc1 Ra2 36. Bd7 Rb8 37. Nd4 Bxd4 38. exd4 Ra1 39. Be6+ Kg7 40. Ba3 Rxf1+ 41.
Kxf1 Rb3 42. Bxd6 Rxf3 43. Be5 Rd3 44. Bxf5 Qxe5 45. dxe5 Rxd5 46. Bc2 Rxe5 47.
f4 gxf4 48. gxf4 Re3 0-1

[Event "18th CRO-chT(b)"]
[Site "Sibenik CRO"]
[Date "2009.09.27"]
[Round "7.52"]
[White "Gagarin, Vasilij"]
[Black "Bogut, Zeljko"]
[Result "1-0"]
[WhiteElo "2422"]
[BlackElo "2442"]
[PlyCount "57"]
[EventDate "2009.09.21"]
[EventType "team"]
[EventRounds "9"]
[EventCountry "CRO"]

1. d4 Nf6 2. c4 e6 3. Nf3 d5 4. Nc3 c5 5. cxd5 exd5 6. g3 Nc6 7. Bg2 Be7 8. O-O
O-O 9. dxc5 Bxc5 10. a3 Re8 11. b4 Bb6 12. Bb2 Bg4 13. Na4 Bc7 14. Nc5 b6 15.
Nd3 Bxf3 16. exf3 Ne5 17. f4 Nxd3 18. Qxd3 Qe7 19. Rac1 Bd6 20. Qf5 Qe6 21.
Qxe6 fxe6 22. f5 Ne4 23. fxe6 Rxe6 24. Rfd1 Rf8 25. f4 g5 26. Rxd5 gxf4 27.
Bxe4 Rxe4 28. Rxd6 fxg3 29. Rd2 1-0

[Event "18th CRO-chT(b)"]
[Site "Sibenik CRO"]
[Date "2009.09.27"]
[Round "7.53"]
[White "Jusic, Zdenko"]
[Black "Jakovljevic, Vlado"]
[Result "1-0"]
[WhiteElo "2371"]
[BlackElo "2416"]
[PlyCount "55"]
[EventDate "2009.09.21"]
[EventType "team"]
[EventRounds "9"]
[EventCountry "CRO"]

1. e4 c5 2. Nf3 d6 3. d4 cxd4 4. Nxd4 Nf6 5. Nc3 a6 6. Bg5 e6 7. f4 Nbd7 8. Qf3
Qc7 9. O-O-O Be7 10. Bd3 Qb6 11. Bc4 h6 12. Qh3 Nf8 13. e5 dxe5 14. fxe5 Qc5
15. Rhe1 Qxc4 16. exf6 gxf6 17. Nf5 exf5 18. Bxf6 Be6 19. Bxh8 Nd7 20. Qxh6
O-O-O 21. Rd4 Qc6 22. Red1 Rg8 23. h4 Rxg2 24. Bg7 b5 25. a3 Bxa3 26. bxa3 Rxg7
27. Qxg7 Qxc3 28. Qh8+ 1-0

[Event "18th CRO-chT(b)"]
[Site "Sibenik CRO"]
[Date "2009.09.28"]
[Round "8.13"]
[White "Medak, Bojan"]
[Black "Jakovljevic, Vlado"]
[Result "1-0"]
[WhiteElo "2359"]
[BlackElo "2416"]
[PlyCount "81"]
[EventDate "2009.09.21"]
[EventType "team"]
[EventRounds "9"]
[EventCountry "CRO"]

1. c4 c5 2. Nf3 Nf6 3. g3 Nc6 4. Bg2 d5 5. d4 e6 6. O-O Be7 7. cxd5 exd5 8.
dxc5 Bxc5 9. Bg5 O-O 10. Nc3 d4 11. Ne4 Be7 12. Bxf6 Bxf6 13. Nxf6+ Qxf6 14.
Qd2 Bg4 15. h3 Bh5 16. Rfd1 Rad8 17. g4 Bg6 18. Qg5 Qe6 19. Rd2 Be4 20. b3 d3
21. exd3 Bxf3 22. Bxf3 Nd4 23. Bg2 b6 24. Rdd1 h6 25. Qd2 f5 26. Re1 Qg6 27.
Qd1 Qg5 28. Rb1 Rfe8 29. Kh1 Rxe1+ 30. Qxe1 fxg4 31. hxg4 Qxg4 32. Qe4 Qh5+ 33.
Kg1 Ne2+ 34. Kf1 Re8 35. Qc4+ Kf8 36. Re1 Qe5 37. Qb4+ Kf7 38. Qd2 Ng3+ 39.
fxg3 Qxg3 40. Bd5+ Kf8 41. Qb4+ 1-0

[Event "18th CRO-chT(b)"]
[Site "Sibenik CRO"]
[Date "2009.09.28"]
[Round "8.15"]
[White "Sasvari, Zelimir"]
[Black "Stipic, Marko"]
[Result "1-0"]
[WhiteElo "2239"]
[BlackElo "2223"]
[PlyCount "69"]
[EventDate "2009.09.21"]
[EventType "team"]
[EventRounds "9"]
[EventCountry "CRO"]

1. d4 d6 2. c4 e5 3. e3 c6 4. Nc3 f5 5. Nge2 Nf6 6. g3 Be7 7. Bg2 O-O 8. h4 Na6
9. Rb1 Nc7 10. b4 Be6 11. d5 cxd5 12. cxd5 Bd7 13. b5 Qe8 14. a4 Qh5 15. Ba3
Nce8 16. Nc1 Ng4 17. Bf3 Nef6 18. Nd3 Rae8 19. Rb4 Qh6 20. Bg2 Bd8 21. Rb2 f4
22. gxf4 exf4 23. e4 Ba5 24. Bb4 Bxb4 25. Rxb4 Qg6 26. Bf3 Ne5 27. Nxe5 Rxe5
28. Kf1 h5 29. Rc4 Bg4 30. Qd3 Nd7 31. Rg1 Nc5 32. Qd1 Kh8 33. Bxg4 hxg4 34.
Qxg4 Qf6 35. Qg6 1-0

[Event "18th CRO-chT(b)"]
[Site "Sibenik CRO"]
[Date "2009.09.28"]
[Round "8.21"]
[White "Kosic, Dragan"]
[Black "Ragger, Markus"]
[Result "1/2-1/2"]
[WhiteElo "2495"]
[BlackElo "2561"]
[PlyCount "27"]
[EventDate "2009.09.21"]
[EventType "team"]
[EventRounds "9"]
[EventCountry "CRO"]

1. d4 d5 2. c4 e6 3. Nf3 Nf6 4. e3 a6 5. Nbd2 c5 6. dxc5 Bxc5 7. a3 dxc4 8.
Bxc4 b5 9. Be2 Bb7 10. O-O O-O 11. b4 Be7 12. Bb2 Nbd7 13. Rc1 Rc8 14. Rxc8
1/2-1/2

[Event "18th CRO-chT(b)"]
[Site "Sibenik CRO"]
[Date "2009.09.28"]
[Round "8.24"]
[White "Bender, Ivan"]
[Black "Mufic, Goran"]
[Result "1/2-1/2"]
[WhiteElo "2275"]
[BlackElo "2324"]
[PlyCount "118"]
[EventDate "2009.09.21"]
[EventType "team"]
[EventRounds "9"]
[EventCountry "CRO"]

1. e4 c5 2. Nf3 Nc6 3. d4 cxd4 4. Nxd4 g6 5. c4 Bg7 6. Be3 Nf6 7. Nc3 O-O 8.
Be2 d6 9. O-O Bd7 10. Rc1 Nxd4 11. Bxd4 Bc6 12. Bf3 Nd7 13. Bxg7 Kxg7 14. g3
Qb6 15. b3 a5 16. Bg2 a4 17. Rb1 axb3 18. axb3 f5 19. exf5 Rxf5 20. Ne2 Bxg2
21. Kxg2 Qc6+ 22. f3 e5 23. Nc3 Nc5 24. Nd5 Ra2+ 25. Rf2 Rxf2+ 26. Kxf2 Ne6 27.
Kg1 Qc5+ 28. Kg2 Ng5 29. f4 exf4 30. gxf4 Ne6 31. Qd2 g5 32. fxg5 Rxg5+ 33. Kh1
Qd4 34. Qxd4+ Nxd4 35. Nc7 Re5 36. Kg2 Re2+ 37. Kg3 Re3+ 38. Kf4 Rxb3 39. Rxb3
Nxb3 40. Ne8+ Kg6 41. Nxd6 Nc5 42. Kg4 Kf6 43. Kh5 Ke5 44. Nb5 Ne4 45. Kh6 Nd2
46. Na3 Nf3 47. h3 Kd4 48. Kxh7 Ng5+ 49. Kg6 Nxh3 50. Kf5 Nf2 51. Ke6 Kc5 52.
Kd7 b6 53. Kc7 Nd3 54. Nc2 Ne5 55. Ne3 Nxc4 56. Nxc4 b5 57. Nb2 b4 58. Nd3+ Kc4
59. Nxb4 Kb3 1/2-1/2